योगी कथामृत / (Record no. 121519)
[ view plain ]
| 000 -LEADER | |
|---|---|
| fixed length control field | 00990nam a22002657a 4500 |
| 005 - DATE AND TIME OF LATEST TRANSACTION | |
| control field | 20170124103216.0 |
| 010 ## - LIBRARY OF CONGRESS CONTROL NUMBER | |
| LC control number | B-158189 |
| 020 ## - INTERNATIONAL STANDARD BOOK NUMBER | |
| Terms of availability | 00.00 |
| 035 ## - SYSTEM CONTROL NUMBER | |
| System control number | B-158189 |
| 037 ## - SOURCE OF ACQUISITION | |
| Source of stock number/acquisition | Cen Lib/Ret |
| 040 ## - CATALOGING SOURCE | |
| Original cataloging agency | DPL |
| Language of cataloging | HN |
| 082 ## - DEWEY DECIMAL CLASSIFICATION NUMBER | |
| Classification number | 181.4 |
| Item number | योगान |
| 100 ## - MAIN ENTRY--PERSONAL NAME | |
| Personal name | गोयानंद, परमहंस |
| 9 (RLIN) | 99046 |
| 245 ## - TITLE STATEMENT | |
| Title | योगी कथामृत / |
| Statement of responsibility, etc | परमहंस गोयानंद |
| 246 ## - VARYING FORM OF TITLE | |
| Title proper/short title | Yogi kathamrit / |
| Remainder of title | by Paramhans Yoganand |
| 260 ## - PUBLICATION, DISTRIBUTION, ETC. (IMPRINT) | |
| Place of publication, distribution, etc | कोलकाता |
| Name of publisher, distributor, etc | योगानंद सत्संग सोसाइटी of इंडिया |
| Date of publication, distribution, etc | 2004 |
| 270 ## - ADDRESS | |
| City | कोलकाता |
| 300 ## - PHYSICAL DESCRIPTION | |
| Extent | xviii,658पृ. |
| Dimensions | 19सेमी(सजिल्द ) |
| 500 ## - GENERAL NOTE | |
| General note | अनुक्रमाणिका शामिल |
| 650 ## - SUBJECT ADDED ENTRY--TOPICAL TERM | |
| Topical term or geographic name as entry element | योग |
| General subdivision | |
| Geographic subdivision | |
| 9 (RLIN) | 43347 |
| 650 ## - SUBJECT ADDED ENTRY--TOPICAL TERM | |
| Topical term or geographic name as entry element | दर्शन |
| 9 (RLIN) | 99047 |
| 650 ## - SUBJECT ADDED ENTRY--TOPICAL TERM | |
| Topical term or geographic name as entry element | yoga |
| 9 (RLIN) | 99048 |
| 650 ## - SUBJECT ADDED ENTRY--TOPICAL TERM | |
| Topical term or geographic name as entry element | philosophy |
| 9 (RLIN) | 99049 |
| 942 ## - ADDED ENTRY ELEMENTS (KOHA) | |
| Source of classification or shelving scheme | Dewey Decimal Classification |
| Koha item type | Hindi Books |
| Classification part | 181.4 |
| Call number suffix | योगान |
| Withdrawn status | Lost status | Damaged status | Not for loan | Home library | Current library | Date acquired | Source of acquisition | Cost, normal purchase price | Total Checkouts | Total Renewals | Full call number | Barcode | Date last seen | Date checked out | Copy number | Cost, replacement price | Price effective from | Koha item type |
|---|---|---|---|---|---|---|---|---|---|---|---|---|---|---|---|---|---|---|
| Central Library | Central Library | 09/10/2015 | Cen Lib/Ref | 0.00 | 5 | 1 | 181.4 योगान | B-158189 | 13/07/2024 | 24/05/2024 | 1 | 0.00 | 09/10/2015 | Hindi Books |
